| 000 | 00435pab a2200157 454500 | ||
|---|---|---|---|
| 008 | 180718b1998 xxu||||| |||| 00| 0 eng d | ||
| 100 | _aHoughton, J.A. | ||
| 245 | _aThe European philosophies of policing: historical background and future relevance for English policing | ||
| 260 | _c1998 | ||
| 300 | _ap.139-47 | ||
| 362 | _aApr-Jun | ||
| 650 | _aPolice - Europe | ||
| 650 | _aPolice | ||
| 773 | _aPolice Journal | ||
| 909 | _a38145 | ||
| 999 |
_c38145 _d38145 |
||